000 00527nam a2200217Ia 4500
005 20250505124851.0
008 008 250505s9999 xx 000 0 eng d
037 _aReference
040 _aLCO
_beng
_cLCO
041 _aeng
_2eng
084 _aZ2,3 R2
_qLCO
100 _aMulla
245 0 _aSpecific Relief
_cMulla
250 _a16th
260 _aHaryana, India
_bLexisNexis
_c2022
300 _a617
365 _aINR
_b1595
650 _aLaw
942 _cREF
_hZ2,3 R2
999 _c1310442
_d1310442